Statistiques concernant Slugterra toutes les slugs

Cliquez ici pour prendre le quiz!

Statistiques générales

  • Ce quiz a été pris 55 fois
  • Le résultat moyen est 10 sur 133

Statistiques - réponses

IndiceRéponse% Correct
1Inferna
90%
4Rammstone
48%
9Arachnet
43%
2Tazerling
35%
15Aquabeek
30%
5Armashelt
28%
53Flopper
28%
28Grenuke
25%
17Enigmo
23%
16Fandango
23%
23Flaringo
23%
12Frightgeist
23%
8Frostcrawler
23%
44Blastipède
20%
3Boon Doc
20%
30Forgesmelter
20%
11Bubbaleone
18%
40Neotox
18%
14Vinedrill
18%
33Diggrix
15%
6Hop Rock
15%
27Crystalyd
13%
10Flatulorhinkus
13%
13Jellyish
13%
19Lariat
13%
24Lavalynx
13%
20Polero
13%
29Slyren
13%
18Speedstinger
13%
37Xmitter
13%
1Darkfurnus
10%
26Dirt Urchin
10%
0Élémentaire de Feu
10%
42Gazzer
10%
43Geoshard
10%
39Hexlet
10%
35Makobreaker
10%
32Negashade
10%
21Phosphoro
10%
0Élémentaire d'Eau
8%
0Élémentaire de Terre
8%
25Hoverbug
8%
31Hypnogrif
8%
48Midas
8%
38Sand Angler
8%
7Thrasher
8%
7Thresher
8%
36Thugglet
8%
22Tormato
8%
2Amperling
5%
9Attacknet
5%
0Élémentaire d'Air
5%
0Élémentaire de Glace
5%
10Flatulo Rex
5%
8Frostfang
5%
50Glowbyss
5%
3Goon Doc
5%
34Slicksilver
5%
18Blastinger
3%
3Boon Doc Blanc
3%
0Élémentaire d'Énergie
3%
0Élémentaire Toxique
3%
46Firenzar
3%
4Grimmstone
3%
5Harmashelt
3%
6Hop Jack
3%
13Jollyfist
3%
47Narwhaddle
3%
40Neurotox
3%
12Nightgeist
3%
45Pieper
3%
38Sand Mangler
3%
51Spikeshade
3%
22Tempesto
3%
49Tenasher
3%
41Toxique
3%
37Transplitter
3%
54Universel
3%
16Vamparo
3%
RoboslugZ3D
3%
15Aquafreak
0%
20Barreto
0%
14Briardrill
0%
11Bubbalash
0%
31Cryptogrif
0%
27Cryscada
0%
26Dark Urchin
0%
44Disastipède
0%
52Dustpuff
0%
0Élémentaire Électrique
0%
0Élémentaire Psychique
0%
0Élémentaire Végétal
0%
17Enigblind
0%
30Gorgemelter
0%
52Goule Dustpuff
0%
0Goule Élémentaire d'Air
0%
0Goule Élémentaire d'Eau
0%
0Goule Élémentaire de Feu
0%
0Goule Élémentaire de Glace
0%
0Goule Élémentaire d'Énergie
0%
0Goule Élémentaire de Terre
0%
0Goule Élémentaire Électrique
0%
0Goule Élémentaire Psychique
0%
0Goule Élémentaire Toxique
0%
0Goule Élémentaire Végétal
0%
46Goule Firenzar
0%
53Goule Flopper
0%
42Goule Gazzer
0%
43Goule Geoshard
0%
50Goule Glowbyss
0%
48Goule Midas
0%
47Goule Narwhaddle
0%
45Goule Pieper
0%
Bébé SlugGoule Sluglings
0%
51Goule Spikeshade
0%
49Goule Tenasher
0%
41Goule Toxique
0%
54Goule Universel
0%
28Greneater
0%
25Hoverblade
0%
24Lavamander
0%
35Megabreaker
0%
32Negablade
0%
21Photomo
0%
23Pyringo
0%
34Quicksalvo
0%
19Scariat
0%
29Sirench
0%
Bébé SlugSluglings
0%
36Smugglet
0%
33Terrarix
0%
39Vexlet
0%
RoboslugZ33
0%

Distribution des résultats

Percentile par nombre de réponses

% des personnes avec chaque résultat

Votre développement - résultats

Vous n’avez pas pris ce quiz